Týždeň európskej vedy Veda, výskum, inovácie

V rámci Týždňa európskej vedy (7.-11.11.2005) sa uskutočnili na Podnikovohospodárskej fakulte Ekonomickej univerzity v Bratislave so sídlom v Košiciach viaceré odborné podujatia pod názvom Veda, výskum a inovácie pod záštitou prof. Vojtecha Kollára, rektora EU v Bratislave.

Salvato in:
Dettagli Bibliografici
Autore principale: Čarnický, Štefan
Natura: Capitolo di libro
Lingua:slovacco
Soggetti:
Tags: Aggiungi Tag
Nessun Tag, puoi essere il primo ad aggiungerne!!

MARC

LEADER 00000naa$a2200000$$$4500
001 0037994
005 20240502071457.9
041 0 |a slo 
044 |a SK 
245 1 0 |a Týždeň európskej vedy  |b Veda, výskum, inovácie  |c Štefan Čarnický 
520 |a V rámci Týždňa európskej vedy (7.-11.11.2005) sa uskutočnili na Podnikovohospodárskej fakulte Ekonomickej univerzity v Bratislave so sídlom v Košiciach viaceré odborné podujatia pod názvom Veda, výskum a inovácie pod záštitou prof. Vojtecha Kollára, rektora EU v Bratislave. 
610 2 0 |a školy vysoké 
610 2 0 |a univerzity 
610 2 0 |a veda 
610 2 0 |a výskum 
610 2 0 |a inovácia 
610 2 0 |a Ekonomická univerzita v Bratislave 
610 2 0 |a Košice 
610 2 0 |a 2005 
100 1 |a Čarnický, Štefan